00266 a2200097 4500245005600000100005900056650001200115005001700127084000900144999001500153 aPUBLIC ADMINISTRATION OF RESEARCH IN ZIMBABWEhText aMINISTRY OF FINANCE ,ECONOMIC PLANNING AND DEVELOPMENT aHistory20191017173135.0 aNONE c9852d9852